[Event "FRA Team Ch"]
[Site "REIMS"]
[Date "2002.??.??"]
[Round "8.7"]
[White "Roos, Jean-Luc"]
[Black "Gosset, Arnaud"]
[Result "1/2-1/2"]
[WhiteElo "2306"]
[BlackElo "2107"]
[PlyCount "118"]
[EventDate "2005.05.??"]

1. e4 c6 2. d4 d5 3. Nd2 dxe4 4. Nxe4 Nd7 5. Nf3 Ngf6 6. Nxf6+ Nxf6 7. Ne5 Nd7
8. Nd3 g6 9. Be3 Bg7 10. Be2 e5 11. dxe5 Nxe5 12. Nxe5 Qxd1+ 13. Rxd1 Bxe5 14.
c3 Be6 15. f4 Bc7 16. b3 Bb6 17. Bxb6 axb6 18. Rd2 Ke7 19. Kf2 Rhd8 20. Rhd1 h5
21. Rxd8 Rxd8 22. Rxd8 Kxd8 23. Bd3 Bd7 24. Ke3 Ke7 25. a4 Be6 26. b4 Bb3 27.
a5 bxa5 28. bxa5 Kd6 29. Kd4 c5+ 30. Ke3 Bd5 31. g3 Bc6 32. Bc4 Bd5 33. Bb5 Bc6
34. c4 Bg2 35. Kd3 Bf3 36. Kc3 Bg2 37. Be8 Ke7 38. Ba4 Kd6 39. Bc2 Bc6 40. Kd3
Bf3 41. Kc3 Bg2 42. Ba4 Bf3 43. Bb5 Bg2 44. Kd3 Ke6 45. Ke3 Bh1 46. h3 Bg2 47.
Kf2 Be4 48. Ke3 Bg2 49. h4 Bh1 50. Be8 Ke7 51. Ba4 f5 52. Kd3 Kd8 53. Kc3 Bc6
54. a6 Bg2 55. axb7 Bxb7 56. Bb5 Bf3 57. Kb3 Bd1+ 58. Ka3 Ke7 59. Bc6 Kd8
1/2-1/2

[Event "FRA Team Ch"]
[Site "REIMS"]
[Date "2002.??.??"]
[Round "8.8"]
[White "Petitpas, Franck"]
[Black "Herbrechtsmeier, Christof"]
[Result "0-1"]
[WhiteElo "2068"]
[BlackElo "2353"]
[PlyCount "58"]
[EventDate "2005.05.??"]

1. e4 c5 2. Nf3 Nc6 3. d3 g6 4. g3 Bg7 5. Bg2 Nf6 6. c3 d6 7. O-O O-O 8. Re1
Bg4 9. h3 Bxf3 10. Qxf3 Qc7 11. Na3 a6 12. Nc2 Ne5 13. Qe2 c4 14. dxc4 Nxc4 15.
Ne3 Nxe3 16. Bxe3 Nd7 17. Rad1 Rac8 18. f4 Rfd8 19. Bd4 Bxd4+ 20. cxd4 e6 21.
e5 d5 22. g4 Qc4 23. Qe3 Qb4 24. f5 Rc2 25. fxe6 fxe6 26. Bxd5 exd5 27. e6 Qd6
28. Rd2 Rxd2 29. Qxd2 Qg3+ 0-1

[Event "FRA Team Ch"]
[Site "REIMS"]
[Date "2002.??.??"]
[Round "8.9"]
[White "Gras, Delphine"]
[Black "Hisleur, Gaelle"]
[Result "0-1"]
[WhiteElo "1870"]
[BlackElo "1880"]
[PlyCount "86"]
[EventDate "2005.05.??"]

1. e4 e6 2. d4 d5 3. Nc3 Nf6 4. e5 Nfd7 5. f4 c5 6. Be3 Nc6 7. Nf3 Qb6 8. Na4
Qa5+ 9. c3 cxd4 10. b4 Qc7 11. Nxd4 Nxd4 12. Bxd4 Be7 13. Bd3 f5 14. g4 Nf8 15.
Qf3 Bd7 16. Nc5 Bxc5 17. Bxc5 b6 18. Bd4 g6 19. Rg1 Bc6 20. h4 O-O-O 21. gxf5
gxf5 22. a4 Nd7 23. Qe3 Rhg8 24. Kd2 h5 25. a5 Rg4 26. axb6 Nxb6 27. Qf2 Rdg8
28. Rxg4 Rxg4 29. Be2 Rg7 30. Bxh5 Rh7 31. Be2 Qd8 32. Bxb6 axb6 33. h5 Kb7 34.
Ba6+ Kb8 35. Be2 Kb7 36. Qg3 d4 37. Qg6 dxc3+ 38. Kxc3 Rc7 39. Ba6+ Kb8 40. Kb2
Qd4+ 41. Ka2 Bd5+ 42. Bc4 Bxc4+ 43. Kb1 Bd3+ 0-1

[Event "FRA Team Ch"]
[Site "REIMS"]
[Date "2002.??.??"]
[Round "9.1"]
[White "Palac, Mladen"]
[Black "Vallin, Guillaume"]
[Result "1-0"]
[WhiteElo "2574"]
[BlackElo "2390"]
[PlyCount "61"]
[EventDate "2005.05.??"]

1. e4 e6 2. d4 d5 3. Nd2 Nf6 4. e5 Nfd7 5. c3 c5 6. Bd3 Nc6 7. Ne2 cxd4 8. cxd4
f6 9. exf6 Nxf6 10. O-O Bd6 11. Nf3 Qc7 12. Bg5 O-O 13. Bh4 Bd7 14. Nc3 a6 15.
Re1 Rae8 16. Rc1 Bf4 17. Rc2 Qb8 18. Rce2 b5 19. a3 g6 20. Bb1 Kg7 21. Qd3 b4
22. Na4 Nd8 23. Qb3 bxa3 24. Qxa3 Bd6 25. Nc5 Bb5 26. Rd2 Nb7 27. b4 Nxc5 28.
bxc5 Bf4 29. Rb2 Qc8 30. Ba2 Qc6 31. Rxb5 1-0

[Event "FRA Team Ch"]
[Site "REIMS"]
[Date "2002.??.??"]
[Round "9.2"]
[White "Eliet, Nicolas"]
[Black "Godena, Michele"]
[Result "1/2-1/2"]
[WhiteElo "2400"]
[BlackElo "2481"]
[PlyCount "53"]
[EventDate "2005.05.??"]

1. Nf3 d5 2. c4 e6 3. d4 Nf6 4. e3 a6 5. Nbd2 c5 6. dxc5 Bxc5 7. a3 dxc4 8.
Bxc4 b5 9. Ba2 Bb7 10. b4 Be7 11. Bb2 Nbd7 12. O-O O-O 13. Nd4 Nb6 14. Rc1 Rc8
15. Qe2 Rxc1 16. Rxc1 Qa8 17. f3 Rc8 18. Rxc8+ Qxc8 19. Bb3 Bd5 20. Qd3 Bxb3
21. N4xb3 Nfd5 22. Bd4 Nc4 23. Nc5 e5 24. Bxe5 Ndxe3 25. Bd4 Qd8 26. Nxc4 Nxc4
27. Qc3 1/2-1/2

[Event "FRA Team Ch"]
[Site "REIMS"]
[Date "2002.??.??"]
[Round "9.3"]
[White "Kazhgaleyev, Murtas"]
[Black "Rausis, Igors"]
[Result "1-0"]
[WhiteElo "2583"]
[BlackElo "2478"]
[PlyCount "61"]
[EventDate "2005.05.??"]

1. d4 d5 2. c4 e6 3. Nc3 Be7 4. cxd5 exd5 5. Bf4 c6 6. e3 Nf6 7. Bd3 Bg4 8.
Nge2 Bh5 9. f3 Bg6 10. Ng3 Nbd7 11. h4 Nh5 12. Nxh5 Bxh5 13. Qc2 Bg6 14. O-O-O
Bxd3 15. Qxd3 Nb6 16. Kb1 Qd7 17. e4 O-O 18. g4 Rae8 19. Ne2 f6 20. g5 dxe4 21.
fxe4 f5 22. Qb3+ Kh8 23. h5 fxe4 24. h6 Qd5 25. Be5 Rf3 26. hxg7+ Kg8 27. g6
Rxb3 28. gxh7+ Kf7 29. axb3 Bf6 30. Bxf6 Kxf6 31. h8=Q 1-0

[Event "FRA Team Ch"]
[Site "REIMS"]
[Date "2002.??.??"]
[Round "9.4"]
[White "Beikert, Guenther"]
[Black "Chabanon, Jean-Luc"]
[Result "1-0"]
[WhiteElo "2438"]
[BlackElo "2483"]
[PlyCount "117"]
[EventDate "2005.05.??"]

1. e4 d5 2. exd5 Qxd5 3. Nf3 Bg4 4. Be2 Nc6 5. h3 Bxf3 6. Bxf3 Qe5+ 7. Qe2
Qxe2+ 8. Bxe2 Nd4 9. Bd1 e5 10. c3 Ne6 11. O-O Nf6 12. d3 O-O-O 13. Bc2 Nd5 14.
g3 h5 15. h4 g5 16. hxg5 h4 17. Kg2 Be7 18. Na3 Bxg5 19. Nc4 hxg3 20. fxg3 Bxc1
21. Rfxc1 Rh5 22. Rh1 Rg5 23. Kf2 f5 24. Nxe5 f4 25. Nf7 fxg3+ 26. Kg1 Rf8 27.
Nxg5 Nxg5 28. Bd1 Ne3 29. Be2 Rf2 30. Rh8+ Kd7 31. Re1 c5 32. Rh5 Kc7 33. Bd1
Nxd1 34. Rxg5 Nxb2 35. Rxg3 Rf7 36. Re2 Na4 37. Rc2 b5 38. Kg2 Kb6 39. Rf3 Re7
40. Kf2 Ka5 41. Rf5 Rd7 42. Ke3 Re7+ 43. Kf4 Re1 44. Re5 Rd1 45. Ke4 Re1+ 46.
Kf5 Rd1 47. Re3 Rf1+ 48. Ke6 Rd1 49. Kd5 a6 50. Kc6 Rh1 51. Re6 Rh3 52. d4 Nxc3
53. d5 b4 54. d6 Nb5 55. Rxc5 b3 56. axb3 Kb4 57. Re4+ Kxb3 58. Rxb5+ axb5 59.
Kxb5 1-0

[Event "FRA Team Ch"]
[Site "REIMS"]
[Date "2002.??.??"]
[Round "9.5"]
[White "Gallagher, Joseph G"]
[Black "Gouret, Thierry"]
[Result "1-0"]
[WhiteElo "2498"]
[BlackElo "2257"]
[PlyCount "69"]
[EventDate "2005.05.??"]

1. e4 d5 2. exd5 Nf6 3. Nf3 Qxd5 4. Nc3 Qd6 5. d4 a6 6. g3 Bg4 7. Bg2 e6 8. O-O
Nbd7 9. h3 Bh5 10. Bf4 Qb6 11. Qd2 Be7 12. Be3 Nd5 13. Nxd5 exd5 14. Ne5 Nf6
15. f4 Ne4 16. Bxe4 dxe4 17. g4 Bg6 18. d5 Bc5 19. Nc4 Bxe3+ 20. Qxe3 Qxe3+ 21.
Nxe3 f6 22. Rad1 O-O-O 23. c4 c5 24. Rde1 Rhe8 25. Kf2 Kc7 26. Re2 b5 27. b4
Kd6 28. bxc5+ Kxc5 29. cxb5 axb5 30. Rc2+ Kb6 31. Rfc1 Rd7 32. Rc6+ Ka5 33.
R1c3 Ka4 34. Ra6+ Kb4 35. Nd1 1-0

[Event "FRA Team Ch"]
[Site "REIMS"]
[Date "2002.??.??"]
[Round "9.6"]
[White "Vaugeois, Cyrille"]
[Black "Fontaine, Robert"]
[Result "0-1"]
[WhiteElo "2134"]
[BlackElo "2484"]
[PlyCount "50"]
[EventDate "2005.05.??"]

1. e4 c6 2. d4 d5 3. e5 c5 4. c3 Nc6 5. Nf3 cxd4 6. cxd4 Bg4 7. Nbd2 e6 8. Be2
Nge7 9. O-O Qb6 10. Nb3 Nf5 11. Be3 Be7 12. Qd3 O-O 13. h3 Nb4 14. Qd1 Nxe3 15.
fxe3 Bf5 16. Ne1 Bg5 17. Qd2 Nxa2 18. Rxa2 Qxb3 19. Ra3 Qb6 20. Bd1 Rac8 21.
Rb3 Qc7 22. Nf3 Be7 23. Ne1 a5 24. Rxf5 exf5 25. Qf2 Qc1 0-1

[Event "FRA Team Ch"]
[Site "REIMS"]
[Date "2002.??.??"]
[Round "9.7"]
[White "Anic, Darko"]
[Black "Theon, Pierre"]
[Result "1-0"]
[WhiteElo "2457"]
[BlackElo "2214"]
[PlyCount "37"]
[EventDate "2005.05.??"]

1. Nf3 d6 2. d4 g6 3. c4 Bg7 4. Nc3 Nf6 5. g3 O-O 6. Bg2 Nbd7 7. O-O a6 8. d5
e6 9. e4 Re8 10. dxe6 fxe6 11. h3 e5 12. Be3 b6 13. b4 Bb7 14. c5 dxc5 15. Qb3+
Kf8 16. bxc5 Qe7 17. cxb6 cxb6 18. Rad1 h6 19. Nh4 1-0

[Event "FRA Team Ch"]
[Site "REIMS"]
[Date "2002.??.??"]
[Round "9.8"]
[White "Gervais, Claire"]
[Black "Goldgewicht, Lionel"]
[Result "0-1"]
[WhiteElo "2169"]
[BlackElo "2334"]
[PlyCount "84"]
[EventDate "2005.05.??"]

1. d4 e6 2. c4 d5 3. Nc3 Be7 4. Nf3 Nf6 5. cxd5 exd5 6. Bg5 c6 7. Qc2 O-O 8. e3
Ne4 9. Bxe7 Qxe7 10. Bd3 f5 11. O-O Be6 12. Na4 Nd7 13. Rac1 Rf6 14. Nd2 Re8
15. Rfe1 Kh8 16. a3 Rh6 17. Nf1 Rf8 18. f3 Nd6 19. Nc5 Nf6 20. Nxe6 Qxe6 21.
Ng3 Nh5 22. Qf2 Nxg3 23. Qxg3 Re8 24. b3 Qe7 25. a4 Re6 26. Re2 Rxe3 27. Rce1
Rxe2 28. Rxe2 Qf6 29. Re5 g6 30. Qe1 Qf7 31. Qb4 Re6 32. Qc5 a6 33. b4 Qe7 34.
Qc3 Kg8 35. Kf2 Rxe5 36. dxe5 Nf7 37. f4 Nd8 38. g3 Ne6 39. Be2 Kf7 40. h4 Qd8
41. Qe3 Qc7 42. Bf3 a5 0-1

[Event "FRA Team Ch"]
[Site "REIMS"]
[Date "2002.??.??"]
[Round "9.9"]
[White "Leconte, Maria"]
[Black "Leblon, Georges"]
[Result "1-0"]
[WhiteElo "2308"]
[BlackElo "2008"]
[PlyCount "57"]
[EventDate "2005.05.??"]

1. e4 c5 2. Nf3 Nc6 3. d4 cxd4 4. Nxd4 Nf6 5. Nc3 e5 6. Ndb5 d6 7. Bg5 a6 8.
Na3 b5 9. Bxf6 gxf6 10. Nd5 f5 11. c3 f4 12. g3 Be6 13. Qh5 Bxd5 14. exd5 Nb8
15. Nc2 Bg7 16. a4 bxa4 17. Rxa4 O-O 18. gxf4 exf4 19. Bd3 Re8+ 20. Kf1 Re5 21.
Qxh7+ Kf8 22. Rg1 Rg5 23. Rxg5 Qxg5 24. Qf5 Qxf5 25. Bxf5 Be5 26. Rc4 Kg7 27.
Rc8 Kf6 28. Bd3 Ke7 29. Nb4 1-0

[Event "FRA Team Ch"]
[Site "REIMS"]
[Date "2002.??.??"]
[Round "9.2"]
[White "Shchekachev, Andrei"]
[Black "Conquest, Stuart"]
[Result "1/2-1/2"]
[WhiteElo "2555"]
[BlackElo "2582"]
[PlyCount "33"]
[EventDate "2005.05.??"]

1. Nf3 d5 2. d4 Nf6 3. c4 c6 4. Nc3 a6 5. a4 e6 6. Bg5 Nbd7 7. a5 h6 8. Bh4 Bb4
9. Qa4 Be7 10. e3 O-O 11. Qb3 c5 12. cxd5 cxd4 13. Nxd4 Nxd5 14. Bxe7 Nxe7 15.
Be2 e5 16. Nf3 Nc6 17. Qa3 1/2-1/2

[Event "FRA Team Ch"]
[Site "REIMS"]
[Date "2002.??.??"]
[Round "9.3"]
[White "Tregubov, Pavel V"]
[Black "Hamdouchi, Hichem"]
[Result "0-1"]
[WhiteElo "2627"]
[BlackElo "2570"]
[PlyCount "66"]
[EventDate "2005.05.??"]

1. d4 Nf6 2. c4 e6 3. Nf3 b6 4. g3 Ba6 5. Nbd2 Bb7 6. Bg2 c5 7. e4 cxd4 8. O-O
d6 9. Nxd4 Nbd7 10. Re1 Qc8 11. a4 Nc5 12. a5 bxa5 13. N2b3 a4 14. Nxc5 dxc5
15. Qxa4+ Nd7 16. Nb3 Bc6 17. Qa3 Rb8 18. Na5 Ba8 19. Bf4 Rb6 20. Qc3 h5 21.
Red1 Be7 22. Qd2 h4 23. Ra3 h3 24. Bf3 Nf8 25. Be5 f6 26. Bc3 Nh7 27. Qe2 Ng5
28. Bh1 f5 29. Bxg7 Rh7 30. Be5 Nxe4 31. Re3 Ng5 32. Bxa8 Qxa8 33. Bf4 Qg2# 0-1

[Event "FRA Team Ch"]
[Site "REIMS"]
[Date "2002.??.??"]
[Round "9.4"]
[White "Prie, Eric"]
[Black "Apicella, Manuel"]
[Result "1-0"]
[WhiteElo "2498"]
[BlackElo "2513"]
[PlyCount "207"]
[EventDate "2005.05.??"]

1. e4 c5 2. Nf3 Nc6 3. d4 cxd4 4. Nxd4 Nf6 5. Nc3 d6 6. Bg5 e6 7. Qd2 a6 8.
O-O-O h6 9. Be3 Be7 10. f3 Nxd4 11. Bxd4 e5 12. Be3 Be6 13. Kb1 Qc7 14. g4 O-O
15. g5 hxg5 16. Bxg5 Rfd8 17. Rg1 d5 18. Bxf6 Bxf6 19. exd5 Bxd5 20. Nxd5 Rxd5
21. Rxg7+ Kxg7 22. Qg2+ Kf8 23. Rxd5 Rd8 24. Rd2 Rxd2 25. Qxd2 Qb6 26. c3 Qg1
27. Qg2 Qb6 28. Kc2 Qc6 29. a3 Qa4+ 30. Kc1 Qf4+ 31. Kb1 Bg5 32. Ka2 a5 33. Bd3
Qd2 34. Qh3 Ke7 35. Be4 b6 36. Qc8 Qd7 37. Qc4 Kf6 38. Bd5 Kg7 39. Qe4 Bf4 40.
h4 Qh3 41. Qc4 Qxh4 42. Bxf7 Qe7 43. Bd5 Qd6 44. Qb5 Kf6 45. Bb3 Kg5 46. Qf1
Qc5 47. Qg2+ Kf6 48. Qg8 Qc7 49. Qe6+ Kg7 50. Ka1 Be3 51. Qg4+ Kf6 52. Qh4+ Kg7
53. Bc2 Qd6 54. Qh7+ Kf8 55. Qh8+ Ke7 56. Qg7+ Kd8 57. Qg8+ Ke7 58. Qh7+ Kd8
59. Qf5 Bf4 60. Ba4 Kc7 61. Qh7+ Kd8 62. Qg8+ Ke7 63. Ka2 Be3 64. Bb3 Qc7 65.
Bc4 Bf4 66. Be6 Qd8 67. Qf7+ Kd6 68. Bc4 Qd7 69. Qf6+ Kc7 70. Be6 Qd8 71. Qf7+
Kd6 72. Bf5 Qe7 73. Qc4 Qe8 74. Ka1 Qd8 75. Qe6+ Kc7 76. Ka2 Qf8 77. Qd7+ Kb8
78. Ka1 Bh2 79. Be4 Qc8 80. Qd5 Ka7 81. Kb1 Bf4 82. b4 axb4 83. axb4 Be3 84.
Qxe5 Qd7 85. Qd5 Qxd5 86. Bxd5 Kb8 87. Kc2 Kc7 88. Kb3 Kd6 89. c4 Bd2 90. Ka4
Be3 91. Kb5 Ke5 92. Be4 Kd6 93. Bc2 Ke5 94. c5 bxc5 95. bxc5 Kd5 96. Be4+ Ke5
97. Kc6 Bf2 98. Kb5 Be3 99. c6 Kd6 100. Bf5 Kc7 101. Bg4 Kd6 102. Bd7 Kc7 103.
Kc4 Kd6 104. Kd3 1-0

[Event "FRA Team Ch"]
[Site "REIMS"]
[Date "2002.??.??"]
[Round "9.5"]
[White "Degraeve, Jean-Marc"]
[Black "Sarthou, Gaetan"]
[Result "1/2-1/2"]
[WhiteElo "2595"]
[BlackElo "2385"]
[PlyCount "61"]
[EventDate "2005.05.??"]

1. e4 c5 2. Nf3 Nc6 3. Bb5 e6 4. O-O Nge7 5. Re1 a6 6. Bf1 d5 7. exd5 Nxd5 8.
d4 Nf6 9. Be3 cxd4 10. Nxd4 Nxd4 11. Bxd4 Bd7 12. c4 Rc8 13. Nc3 Bc5 14. Be5
Bc6 15. a3 Qxd1 16. Raxd1 a5 17. h3 Ke7 18. Nb5 Bxb5 19. cxb5 Rhd8 20. Rxd8
Rxd8 21. Re2 b6 22. g4 Bd6 23. Bc3 g5 24. Bg2 Bc5 25. Rd2 Nd5 26. Be5 f6 27.
Bh2 Nf4 28. Bxf4 gxf4 29. Rxd8 Kxd8 30. Be4 h6 31. Kf1 1/2-1/2

[Event "FRA Team Ch"]
[Site "REIMS"]
[Date "2002.??.??"]
[Round "9.6"]
[White "Santo-Roman, Marc"]
[Black "Relange, Eloi"]
[Result "1/2-1/2"]
[WhiteElo "2417"]
[BlackElo "2491"]
[PlyCount "76"]
[EventDate "2005.05.??"]

1. e4 c5 2. Nf3 d6 3. d4 cxd4 4. Nxd4 Nf6 5. Nc3 a6 6. f4 e5 7. Nf3 Nbd7 8. a4
Be7 9. Bd3 O-O 10. O-O exf4 11. Kh1 Nh5 12. Nd4 Ndf6 13. Be2 g6 14. Bf3 Re8 15.
a5 Bf8 16. Nd5 Bd7 17. Nb6 Rb8 18. c4 Re5 19. b4 Nxe4 20. Bxh5 Rxh5 21. Bxf4
Bc6 22. Ra3 Qh4 23. Kg1 Bh6 24. Rh3 Bxf4 25. Rxh4 Be3+ 26. Kh1 Rxh4 27. Qe1
Bxd4 28. Qxh4 Re8 29. h3 g5 30. Qe1 Nf2+ 31. Qxf2 Bxf2 32. Rxf2 Re1+ 33. Kh2
Rb1 34. Nc8 Rxb4 35. Nxd6 f6 36. g4 Kg7 37. Re2 Kf8 38. Re6 Rb2+ 1/2-1/2

[Event "FRA Team Ch"]
[Site "REIMS"]
[Date "2002.??.??"]
[Round "9.7"]
[White "Hebden, Mark"]
[Black "Letreguilly, Olivier"]
[Result "1-0"]
[WhiteElo "2537"]
[BlackElo "2310"]
[PlyCount "81"]
[EventDate "2005.05.??"]

1. d4 e6 2. Nf3 d5 3. c4 Nf6 4. Bg5 Be7 5. Nc3 O-O 6. e3 h6 7. Bh4 Ne4 8. Bxe7
Qxe7 9. Rc1 c6 10. Bd3 Nxc3 11. Rxc3 dxc4 12. Bxc4 Nd7 13. O-O b6 14. Bd3 c5
15. Bb5 Rd8 16. Qe2 Bb7 17. Rfc1 cxd4 18. Nxd4 Rac8 19. Rxc8 Rxc8 20. Rxc8+
Bxc8 21. Qc2 Qc5 22. Qxc5 Nxc5 23. Nc6 a6 24. b4 Nd7 25. Ne7+ Kf8 26. Nxc8 axb5
27. Nd6 Ne5 28. Nxb5 Ke7 29. Kf1 Nc6 30. a3 f5 31. Ke2 g5 32. f4 e5 33. fxe5
Nxe5 34. Nd4 Kf6 35. a4 Nc4 36. Nb3 Ke5 37. a5 bxa5 38. bxa5 Kd5 39. a6 Nb6 40.
a7 Ke5 41. Kd3 1-0

[Event "FRA Team Ch"]
[Site "REIMS"]
[Date "2002.??.??"]
[Round "9.8"]
[White "Flear, Christine"]
[Black "Verat, Laurent"]
[Result "0-1"]
[WhiteElo "2171"]
[BlackElo "2338"]
[PlyCount "74"]
[EventDate "2005.05.??"]

1. d4 Nf6 2. c4 e6 3. Nf3 Bb4+ 4. Nbd2 b6 5. e3 Bb7 6. Bd3 O-O 7. O-O d5 8. Ne5
Bd6 9. f4 c5 10. cxd5 exd5 11. Rf3 Nc6 12. Rh3 g6 13. Ndf3 Ne7 14. g4 Bc8 15.
Rh4 Ne4 16. Qf1 f6 17. Nc4 Bc7 18. Ncd2 Bb7 19. b3 Qd7 20. Qh3 Rf7 21. Bb2 Re8
22. Rf1 Nc8 23. Rh6 Ncd6 24. dxc5 bxc5 25. Qh4 Qe7 26. Bxe4 Nxe4 27. Nxe4 Qxe4
28. Bxf6 d4 29. f5 Qxe3+ 30. Rf2 Bxf3 31. Rxg6+ Kf8 32. Qh5 Bf4 33. Bg5 Qc1+
34. Rf1 Be3+ 35. Bxe3 Qxe3+ 36. Rf2 Qc1+ 37. Rf1 Re1 0-1

[Event "FRA Team Ch"]
[Site "REIMS"]
[Date "2002.??.??"]
[Round "9.9"]
[White "Costagliola, Marina"]
[Black "Milliet, Sophie"]
[Result "0-1"]
[WhiteElo "2254"]
[BlackElo "2163"]
[PlyCount "110"]
[EventDate "2005.05.??"]

1. e4 e6 2. d4 c5 3. Nf3 cxd4 4. Nxd4 Nc6 5. Nc3 Qc7 6. Be2 a6 7. Nxc6 bxc6 8.
O-O Nf6 9. Qd3 d5 10. Re1 Bd6 11. g3 Bb7 12. Bf3 O-O 13. Qe2 Nd7 14. Bg2 f5 15.
exd5 exd5 16. Bf4 Bxf4 17. gxf4 Qxf4 18. Qe6+ Rf7 19. Rad1 Nc5 20. Qe5 Qh4 21.
Qg3 Qf6 22. Qf4 Ne4 23. Na4 g5 24. Qf3 c5 25. Qe2 Qc6 26. b3 Re8 27. Qh5 g4 28.
h3 Rg7 29. hxg4 Rg5 30. Qh3 fxg4 31. Qh4 Qg6 32. Nxc5 Rh5 33. Bxe4 dxe4 34. Qg3
Rxc5 35. Rd7 Bc6 36. Rd6 Qg5 37. c4 Ba8 38. Rxa6 Rf5 39. Rxa8 Rxa8 40. Rxe4 h5
41. a4 Raf8 42. Re2 h4 43. Qd6 Qc1+ 44. Kg2 h3+ 45. Kg3 Rf3+ 46. Kh4 R3f6 47.
Qd5+ Kh8 48. Rd2 Qb1 49. Rd3 Rh6+ 50. Kg5 Qc1+ 51. Re3 Rhf6 52. Kh4 Qc2 53.
Qh5+ Qh7 54. Qxh7+ Kxh7 55. Kxg4 Rg8+ 0-1

[Event "FRA Team Ch"]
[Site "REIMS"]
[Date "2002.??.??"]
[Round "9.2"]
[White "Delchev, Aleksander"]
[Black "Fressinet, Laurent"]
[Result "1-0"]
[WhiteElo "2550"]
[BlackElo "2606"]
[PlyCount "129"]
[EventDate "2005.05.??"]

1. e4 e5 2. Bc4 Nf6 3. d3 c6 4. Nf3 d5 5. Bb3 a5 6. a3 Bd6 7. exd5 Nxd5 8. O-O
O-O 9. Re1 Re8 10. Bg5 Qc7 11. Nbd2 Na6 12. Ne4 Bg4 13. h3 Bh5 14. Ng3 Bg6 15.
Nh4 Nc5 16. Ba2 f6 17. Bd2 Bf7 18. Nhf5 Bf8 19. Qg4 Kh8 20. h4 g6 21. Nh6 Be6
22. Qf3 Nf4 23. Ng4 Bxa2 24. Rxa2 Qf7 25. Raa1 h5 26. Ne3 Nfe6 27. Bc3 Qg8 28.
Nc4 a4 29. Nd2 Rad8 30. Nge4 Nxe4 31. Rxe4 b5 32. Rae1 c5 33. Qg3 Bh6 34. Nf3
Bg7 35. Qh2 Kh7 36. g3 Nd4 37. Bxd4 exd4 38. Qg2 Rxe4 39. Rxe4 Qa2 40. g4 hxg4
41. Rxg4 Qf7 42. Rg5 Bf8 43. h5 gxh5 44. Rf5 Bh6 45. Kf1 Re8 46. Rxc5 Qe7 47.
Rxh5 Qe2+ 48. Kg1 Re7 49. Rh4 Qxc2 50. Nxd4 Qxd3 51. Kh2 Rd7 52. Qg4 Rd5 53.
Qe6 Rg5 54. Qf7+ Rg7 55. Qxf6 Rg6 56. Qf7+ Kh8 57. Nf5 Qd2 58. Qf8+ Kh7 59.
Rxh6+ Rxh6+ 60. Qxh6+ Qxh6+ 61. Nxh6 Kxh6 62. Kg3 Kg5 63. Kf3 Kf5 64. Ke3 Ke5
65. Kd3 1-0

[Event "FRA Team Ch"]
[Site "REIMS"]
[Date "2002.??.??"]
[Round "9.5"]
[White "Horvath, Jozsef"]
[Black "Sharif, Mehrshad"]
[Result "1/2-1/2"]
[WhiteElo "2548"]
[BlackElo "2476"]
[PlyCount "24"]
[EventDate "2005.05.??"]

1. Nf3 b6 2. e4 Bb7 3. Nc3 e6 4. d4 Bb4 5. Bd3 Nf6 6. Bg5 h6 7. Bxf6 Bxc3+ 8.
bxc3 Qxf6 9. O-O d5 10. exd5 Bxd5 11. Ne5 Qg5 12. g3 O-O 1/2-1/2

[Event "FRA Team Ch"]
[Site "REIMS"]
[Date "2002.??.??"]
[Round "9.7"]
[White "Spiridonov, Nikola"]
[Black "Bujisho, Benjamin"]
[Result "1/2-1/2"]
[WhiteElo "2372"]
[BlackElo "2386"]
[PlyCount "62"]
[EventDate "2005.05.??"]

1. c4 Nf6 2. Nc3 g6 3. g3 Bg7 4. Bg2 O-O 5. d3 d6 6. Nf3 e5 7. O-O c6 8. Rb1
Re8 9. Nd2 Be6 10. b4 Qd7 11. b5 d5 12. bxc6 Nxc6 13. Qa4 Rab8 14. cxd5 Nxd5
15. Nxd5 Bxd5 16. Ne4 b5 17. Rxb5 Nd4 18. Ra5 Nxe2+ 19. Kh1 Qxa4 20. Rxa4 Nxc1
21. Rxc1 Rec8 22. Rxc8+ Rxc8 23. Nf6+ Bxf6 24. Bxd5 Rc7 25. Bb3 Kg7 26. Ra5 Kf8
27. Kg2 Bg7 28. Kf3 f5 29. g4 fxg4+ 30. Kxg4 Bf6 31. Kf3 Kg7 1/2-1/2

[Event "FRA Team Ch"]
[Site "REIMS"]
[Date "2002.??.??"]
[Round "9.8"]
[White "Brochet, Philippe"]
[Black "De Sousa, Jose-Claude"]
[Result "1/2-1/2"]
[WhiteElo "2421"]
[BlackElo "2279"]
[PlyCount "72"]
[EventDate "2005.05.??"]

1. Nf3 c5 2. e4 Nc6 3. Bb5 d6 4. O-O Bd7 5. Re1 a6 6. Bxc6 Bxc6 7. d4 cxd4 8.
Nxd4 Bd7 9. Nc3 Nf6 10. f4 e5 11. Nf5 Be6 12. Qf3 Qc7 13. Ne3 exf4 14. Ned5
Bxd5 15. Nxd5 Nxd5 16. exd5+ Be7 17. Qe4 Rd8 18. Bxf4 Rd7 19. Bg5 O-O 20. Be3
Bf6 21. c3 Re7 22. Qb4 Rfe8 23. Bf2 Rxe1+ 24. Rxe1 Rxe1+ 25. Bxe1 Qe7 26. Kf1
Be5 27. Qg4 g6 28. Bh4 Qc7 29. Qa4 Kg7 30. Bf2 Qe7 31. h3 Qg5 32. Qc2 Qf4 33.
b3 Qh2 34. Bg1 Qf4+ 35. Bf2 Qh2 36. Bg1 Qf4+ 1/2-1/2

[Event "FRA Team Ch"]
[Site "REIMS"]
[Date "2002.??.??"]
[Round "9.9"]
[White "Maze, Sebastien"]
[Black "Nicoara, Malina"]
[Result "1-0"]
[WhiteElo "2343"]
[BlackElo "2225"]
[PlyCount "69"]
[EventDate "2005.05.??"]

1. e4 c5 2. Nf3 Nc6 3. Bb5 d6 4. O-O Bd7 5. c3 Nf6 6. Re1 a6 7. Ba4 e5 8. d4 b5
9. Bb3 Be7 10. Bg5 O-O 11. h3 h6 12. Bxf6 Bxf6 13. dxc5 dxc5 14. Bd5 Qb6 15. b3
Rad8 16. Nbd2 Ne7 17. c4 Ng6 18. Qc2 Be7 19. Nf1 Qf6 20. Qc3 b4 21. Qe3 a5 22.
Ng3 Nf4 23. Rad1 Rfe8 24. Rd2 Bf8 25. Red1 g5 26. Bb7 Be6 27. Bd5 Bxd5 28. cxd5
h5 29. Nf5 g4 30. hxg4 hxg4 31. Nh2 Qg5 32. Qg3 a4 33. Nxg4 Ng6 34. Nge3 Qf6
35. Nc4 1-0

[Event "FRA Team Ch"]
[Site "REIMS"]
[Date "2002.??.??"]
[Round "9.1"]
[White "Sokolov, Andrei"]
[Black "Dorfman, Josif D"]
[Result "1/2-1/2"]
[WhiteElo "2604"]
[BlackElo "2613"]
[PlyCount "35"]
[EventDate "2005.05.??"]

1. e4 e6 2. d4 d5 3. Nc3 dxe4 4. Nxe4 Nd7 5. Nf3 Ngf6 6. Nxf6+ Nxf6 7. c3 Be7
8. Bd3 O-O 9. O-O b6 10. Qe2 Bb7 11. Bf4 c5 12. dxc5 bxc5 13. Rfd1 Qb6 14. Ne5
Rad8 15. Bg3 Ba8 16. Ng4 Qc6 17. f3 Nd5 18. Ne5 1/2-1/2

[Event "FRA Team Ch"]
[Site "REIMS"]
[Date "2002.??.??"]
[Round "9.2"]
[White "Baburin, Alexander"]
[Black "Koch, Jean-Rene"]
[Result "1-0"]
[WhiteElo "2565"]
[BlackElo "2498"]
[PlyCount "81"]
[EventDate "2005.05.??"]

1. d4 Nf6 2. c4 c5 3. d5 b5 4. cxb5 a6 5. bxa6 g6 6. Nc3 Bxa6 7. g3 d6 8. Bg2
Bg7 9. Nf3 Nbd7 10. Rb1 Nb6 11. b3 Bb7 12. Nh4 O-O 13. O-O Ng4 14. Bb2 Bxc3 15.
Bxc3 Rxa2 16. e4 Nf6 17. Re1 e5 18. dxe6 fxe6 19. e5 Bxg2 20. Nxg2 Nfd5 21. Bb2
dxe5 22. Rxe5 Qd6 23. Re2 Qc6 24. Qe1 Re8 25. Ra1 Rxa1 26. Bxa1 c4 27. bxc4
Nxc4 28. Rc2 Rc8 29. h4 Kf7 30. h5 Ndb6 31. Bd4 Qd6 32. Qe4 Rd8 33. Bxb6 Nxb6
34. Ne3 Nd5 35. Nc4 Qb8 36. hxg6+ hxg6 37. Ne5+ Kf6 38. Re2 Qc8 39. Qxg6+ Ke7
40. Qg7+ Kd6 41. Nf7+ 1-0

[Event "FRA Team Ch"]
[Site "REIMS"]
[Date "2002.??.??"]
[Round "9.3"]
[White "Pelletier, Yannick"]
[Black "Rotstein, Arkadij"]
[Result "1/2-1/2"]
[WhiteElo "2568"]
[BlackElo "2553"]
[PlyCount "79"]
[EventDate "2005.05.??"]

1. Nf3 Nf6 2. c4 e6 3. Nc3 d5 4. d4 dxc4 5. e3 a6 6. a4 c5 7. Bxc4 Nc6 8. O-O
Be7 9. Qe2 O-O 10. Rd1 Qc7 11. d5 exd5 12. Nxd5 Nxd5 13. Bxd5 Bf6 14. h3 Re8
15. Qc4 Nb4 16. e4 Nxd5 17. exd5 b5 18. axb5 axb5 19. Qxb5 Bd7 20. Bf4 Bxb5 21.
Bxc7 Bxb2 22. Rab1 Ba4 23. Rd2 Bc3 24. Ra2 Bd7 25. Rxa8 Rxa8 26. Rb7 Bf5 27. d6
f6 28. Bb6 Ra1+ 29. Kh2 Rb1 30. g4 Be6 31. Re7 Rxb6 32. Rxe6 Rb8 33. d7 Kf7 34.
Rc6 Rd8 35. Rxc5 Bb4 36. Rd5 Ke6 37. Rh5 h6 38. Nd4+ Kxd7 39. Rd5+ Bd6+ 40. Kg2
1/2-1/2

[Event "FRA Team Ch"]
[Site "REIMS"]
[Date "2002.??.??"]
[Round "9.4"]
[White "Kosten, Anthony C"]
[Black "Herb, Pascal"]
[Result "1-0"]
[WhiteElo "2536"]
[BlackElo "2307"]
[PlyCount "67"]
[EventDate "2005.05.??"]

1. c4 Nf6 2. g3 c5 3. Bg2 e6 4. Nf3 d5 5. O-O Be7 6. b3 O-O 7. e3 b6 8. Bb2 Bb7
9. Nc3 Re8 10. Rc1 Bf8 11. cxd5 exd5 12. d4 Na6 13. dxc5 bxc5 14. Na4 Rc8 15.
Ne5 Rc7 16. Nd3 Ne4 17. Nf4 Rd7 18. Qg4 Rd6 19. Rfd1 Bc8 20. Qh5 d4 21. exd4 g6
22. Qf3 cxd4 23. Ba3 Rf6 24. Bxf8 Kxf8 25. Qd3 Nxf2 26. Kxf2 g5 27. Qxd4 Qxd4+
28. Rxd4 gxf4 29. gxf4 Bg4 30. Bf3 Bxf3 31. Kxf3 Re7 32. Rc8+ Kg7 33. Nc3 Nc7
34. Rc4 1-0